[Event "Open Desko Liberec 2020"]
[Site "Liberec"]
[Date "2020.07.24"]
[Round "8"]
[White "Sykora, Marek"]
[Black "Hladky, Tadeas"]
[Result "1-0"]
[WhiteElo "2147"]
[BlackElo "1809"]
[Annotator "TA"]
[PlyCount "85"]
[EventDate "2020.??.??"]
[EventCountry "CZE"]
[SourceTitle "playchess.com"]
[Source "ChessBase"]
[SourceQuality "1"]

{[%evp 10,85,2,2,14,9,37,-15,0,-25,0,-12,-14,-64,0,0,38,-39,14,12,124,116,77,41,137,128,172,172,179,85,78,60,80,29,52,25,50,59,112,123,177,174,170,147,155,80,91,93,164,92,125,91,116,100,139,113,117,56,75,57,57,42,59,92,83,76,105,106,153,147,171,172,185,183,184,83,236,264]} 1. e4 Nf6 2. Nc3 e5 3. Bc4 Bb4 4. d3 O-O 5. Nf3 c6 6. O-O d5 {C42: Petroff Defence: 3 Nxe5 and unusual White 3rd moves.} 7. Bb3 Bg4 8. Qe2 {[#]} (8. h3 $14 Bxf3 9. Qxf3) 8... Re8 $146 {The position is equal.} ({Predecessor:} 8... Qa5 9. exd5 cxd5 10. Qxe5 Nc6 11. Qg3 Bxc3 12. bxc3 Qxc3 13. Bd2 Qc5 14. Ne5 Nd4 {1-0 (25) Rei,A (2378)-Satonen,A Tampere 1993}) 9. Bg5 d4 10. Nb1 h6 11. Bc1 Ba5 (11... Bh5 $15) 12. h3 $11 Bh5 13. Kh1 (13. g4 $1 $14 Bg6 14. Nh4) 13... Qd7 (13... Bc7 $15) 14. Rg1 $1 g5 (14... Bg6 $11 {remains equal.}) 15. g4 $1 $16 Bg6 16. Nbd2 Bxd2 (16... Na6 $14) 17. Bxd2 ({Of course not} 17. Nxd2 $6 Na6 $11) 17... c5 18. a4 Nc6 19. Nh2 (19. h4 $18) 19... Kg7 20. Rg2 Rh8 {[#]} 21. Kg1 (21. h4 $1 $16 {[%mdl 512]}) 21... Ne8 22. Nf1 (22. h4 $5) 22... Nd6 23. Ng3 Nd8 (23... f6 $14) 24. Nf5+ Bxf5 (24... Kf8 $16 {was called for.}) 25. gxf5 $18 Kf8 26. Qh5 {Strongly threatening Bxg5!} f6 27. c3 (27. Rh2 $142) 27... dxc3 $16 28. Bxc3 N8f7 (28... Qe8 $16 {was worth a try.} 29. Qe2 Qe7) 29. Be6 ({White should try} 29. Bd5 $18) 29... Qe8 30. Qf3 a5 31. Bd5 Qd8 32. Qe3 Rc8 33. Qd2 ({Better is} 33. Be6 $16) 33... b6 $14 34. Qc2 Rc7 35. Qb3 Ra7 36. Kf1 Rh7 37. Ke2 Rd7 {White should prevent ...Nxf5.} 38. Be6 $36 {[%mdl 2048] Keeping Black busy.} Ra7 39. Rh1 h5 {[#]} 40. h4 $1 g4 41. Bd2 Nh6 42. Qd5 (42. Rhg1 $18 {has better winning chances.}) 42... Ndf7 $2 (42... Rag7 $16 {keeps fighting.}) 43. Bxh6+ $1 {Accuracy: White = 53%, Black = 54%.} 1-0

[Event "Open Desko Liberec 2020"]
[Site "Liberec"]
[Date "2020.07.24"]
[Round "8"]
[White "Kaderabek, Jiri"]
[Black "Karlik, Vladimir"]
[Result "1/2-1/2"]
[WhiteElo "2121"]
[BlackElo "2137"]
[Annotator "TA"]
[PlyCount "78"]
[EventDate "2020.??.??"]
[EventCountry "CZE"]
[SourceTitle "playchess.com"]
[Source "ChessBase"]
[SourceQuality "1"]

{[%evp 11,78,30,41,13,43,8,17,17,25,24,43,52,136,0,-20,-72,-77,-86,-69,-141,-146,-140,-154,-217,-198,-170,-131,-197,-201,-209,-109,-111,-102,-106,-102,-97,-97,-88,0,0,0,-8,35,-48,0,0,0,0,0,0,0,0,0,-251,-214,-516,-498,-835,-831,-766,-40,-38,-34,-27,-63,-22,0,0,243]} 1. e4 g6 2. d4 Bg7 3. Nc3 c6 4. Be3 d6 5. Qd2 Nd7 6. h4 h5 7. Nf3 {B06: Modern Defence.} b5 8. a3 a6 9. Be2 Qc7 10. Ng5 Bb7 11. f4 {[#]} Nh6 $146 {[#]} (11... c5 $14) ({Predecessor:} 11... c5 12. e5 dxe5 13. dxe5 Rd8 14. e6 Ne5 15. exf7+ Nxf7 16. Ne6 Rxd2 17. Nxc7+ Kd7 18. Kxd2 Kxc7 19. Bxc5 Bxg2 {1-0 (24) Meijers,V (2465)-Rolle,E (2181) Boeblingen 2004}) 12. e5 $2 (12. f5 $1 $16 {[%mdl 512]}) 12... Nb6 $11 13. e6 (13. O-O $11) 13... f5 $17 14. b3 O-O 15. a4 {[#]} (15. Bf3 $15) 15... b4 $1 {[%cal Rb4c3]} 16. Na2 c5 17. Bf3 (17. Rc1 $17) 17... Nd5 $19 18. Bg1 Ng4 19. Rd1 (19. Rc1 $17) 19... Ngf6 20. Bf2 Ne4 (20... c4 $19 21. O-O a5) 21. Nxe4 $17 fxe4 22. Bxe4 Nxf4 23. d5 {[#]} Nxe6 $1 {[%mdl 512]} 24. O-O (24. dxe6 Bxe4) 24... Nd4 ({Better is} 24... Nf4 $17 25. Rde1 Rae8) 25. Qg5 $11 Ne2+ 26. Kh1 Rf6 {aiming for ...Raf8.} 27. Bxg6 (27. Be3 $1 $14) 27... Raf8 {[%cal Ba8f8,Bf8f6,Bf6f1][%mdl 32]} (27... Nf4 $5 {[%cal Rf4g6]} 28. Be3 Nxd5 $15) 28. Qxh5 {[%csl Gg6][%cal Rh5h7]} Ng3+ $1 29. Bxg3 {[%csl Gg6][%cal Rh5h7]} Rxf1+ 30. Kh2 {[%csl Gg6][%cal Rh5h7]} R8f6 31. Rxf1 Rxf1 32. Qh7+ $2 (32. Nc1 $11 c4 33. Bh7+ Kf8 34. Qe2) 32... Kf8 $19 33. h5 $2 (33. Bd3 {is more resistant.} Rf6 34. Be4) 33... Bxd5 34. h6 (34. Bd3 $142 Rf6 35. c4) 34... Bd4 35. Bd3 Qd7 $2 (35... Qc6 $19 36. c3 bxc3 37. Bxf1 Be4 38. Qg7+ Bxg7 39. hxg7+ Kxg7 40. Nxc3 Bc2) 36. Bxf1 $15 {Black must now prevent Qg6.} Qg4 {( -> ...Qh5+)} 37. Be2 $1 {[%cal Re2g4]} Qg5 38. Bf3 Be5 $2 {[%mdl 8192]} (38... a5 $11) 39. Bxe5 $18 {And now Qg7+ would win.} Qh4+ {Accuracy: White = 50%, Black = 68%.} 1/2-1/2

[Event "Open Desko Liberec 2020"]
[Site "Liberec"]
[Date "2020.07.24"]
[Round "8"]
[White "Redzisz, Michal"]
[Black "Vitak, Jiri"]
[Result "0-1"]
[WhiteElo "1972"]
[BlackElo "2222"]
[Annotator "TA"]
[PlyCount "84"]
[EventDate "2020.??.??"]
[EventCountry "CZE"]
[SourceTitle "playchess.com"]
[Source "ChessBase"]
[SourceQuality "1"]

{[%evp 9,83,27,29,20,29,28,27,0,38,38,22,27,35,3,17,5,40,44,34,0,0,0,0,-103,-88,-100,-91,-240,-243,-230,-132,-133,-133,-181,-182,-196,-196,-277,-281,-289,-277,-364,-216,-305,-270,-500,-484,-867,-867,-863,-842,-855,-855,-843,-840,-908,-908,-1151,-903,-1097,-1040,-1041,-1012,-1358,-1341,-1224,-956,-1764,-1733,-1877,-1809,-1966,-1922,-29988,-29988,-29999]} 1. d4 Nf6 2. c4 e6 3. g3 c5 4. d5 exd5 5. cxd5 b5 6. e4 {A60: Modern Benoni: Early Divergences.} Nxe4 7. Bg2 Nd6 8. Nf3 {White has an edge.} Be7 9. O-O {[%mdl 1024] White has compensation.} O-O 10. Bf4 Na6 11. a4 b4 12. Nbd2 Ne8 {[#]} 13. Ne5 $146 {Hoping for d6!} ({Predecessor:} 13. Re1 d6 14. Qe2 Bf6 15. Ne4 Nac7 16. Rad1 Ba6 17. Qc2 b3 18. Qb1 Rb8 19. Nfg5 {1-0 (63) Gillis Onieva,C (1943)-Arjol Lopez,D (2141) Salobrena 2019}) 13... Bb7 14. d6 Nxd6 15. Bxb7 Nxb7 16. Qg4 (16. Ndc4 $11) 16... Nb8 17. Ndc4 d6 $1 {[%cal Rd6e5]} 18. Bh6 {This move loses the game for White.} (18. a5 $17 {was worth a try.}) 18... Bf6 $19 19. Qf3 Nd7 ({Inferior is} 19... gxh6 20. Qxb7 Bxe5 21. Qxa8 $14) (19... Qc7 $19 20. Ng4 Bd4) 20. Ng4 $17 Qc7 ({Don't play} 20... gxh6 $6 21. Nxh6+ Kg7 22. Nf5+ Kh8 23. Qxb7 $11) 21. Rad1 Bd4 $1 22. Rfe1 Rae8 (22... gxh6 23. Nxh6+ Kg7 24. Qf4 $11) 23. Nce3 (23. Rxe8 {keeps fighting.} Rxe8 24. Bf4) 23... Bxe3 $19 {[%mdl 64] Overworked Piece} 24. Nxe3 Ne5 $1 {[%cal Re5f3]} ({Worse is} 24... gxh6 25. Qg4+ Kh8 26. Nf5 Rxe1+ 27. Rxe1 Rg8 {[#]} 28. Re8 $1 {[%mdl 512]} Nf8 29. Rxf8 $1 {[%mdl 512]} Rxf8 30. Qg7#) 25. Qh5 {Black must now prevent Bxg7!} Re6 (25... gxh6 $142 26. f4 Ng6) 26. Bg5 (26. Nd5 {might work better.} Qd8 27. Bf4) 26... f6 27. Nd5 $2 (27. Bf4) 27... Qf7 28. Qe2 (28. Qxf7+ $142 Kxf7 29. Be3 Nf3+ {[%mdl 64] Double Attack} 30. Kf1) 28... fxg5 29. f4 gxf4 30. gxf4 Rg6+ 31. Kh1 Nc6 32. Qb5 Nbd8 33. Re2 Re6 34. Rg2 Nd4 35. Qc4 N8c6 36. f5 Qxf5 37. Nc7 {[#]} d5 $1 38. Nxd5 (38. Qxd5 Qxd5) 38... Kh8 39. Rdg1 g6 40. Qxc5 Re5 41. Rg5 Qf3+ 42. R1g2 Re1# {Accuracy: White = 40%, Black = 73%.} 0-1

[Event "Open Desko Liberec 2020"]
[Site "Liberec"]
[Date "2020.07.24"]
[Round "8"]
[White "Cibulka, Josef"]
[Black "Belaska, Premysl"]
[Result "1/2-1/2"]
[WhiteElo "1931"]
[BlackElo "2212"]
[Annotator "TA"]
[PlyCount "75"]
[EventDate "2020.??.??"]
[EventCountry "CZE"]
[SourceTitle "playchess.com"]
[Source "ChessBase"]
[SourceQuality "1"]

{[%evp 12,75,20,0,0,0,2,0,6,14,27,-16,-16,-14,-12,-41,-44,-31,0,0,0,0,-2,-4,0,0,0,-8,-21,-58,-63,-56,-56,-83,25,43,31,-39,-40,-58,-41,-51,-25,-24,-16,-65,-22,-50,-50,-50,-47,-65,0,-97,-67,-77,-77,-118,-118,-149,-118,-149,-118,-127,0,-133]} 1. e4 c5 2. Nf3 a6 3. d3 Nc6 4. g3 g6 5. Bg2 Bg7 6. O-O d6 7. c3 e5 {B28: Sicilian: 2 Nf3 a6 (O'Kelly Variation).} 8. a4 Rb8 9. Na3 Nge7 10. Nc2 {[#]} Be6 $146 ({Predecessor:} 10... O-O 11. d4 exd4 12. cxd4 Bg4 13. d5 Ne5 14. Ne3 Bxf3 15. Bxf3 Nxf3+ 16. Qxf3 f5 {1-0 (55) Maki,V (2430)-Cramling,P (2470) Helsinki 1991}) 11. d4 exd4 12. cxd4 {[#] And now d5 would win.} Bb3 13. d5 Nb4 14. Nfe1 Bc4 (14... O-O {is more complex.} 15. Qe2 Nxc2 16. Nxc2 Qd7 17. a5 f5) 15. Nxb4 Bxf1 16. Bxf1 {Threatens to win with Nbd3.} cxb4 17. Qb3 a5 18. Bb5+ Kf8 19. Nf3 h6 20. Bf4 g5 21. Be3 Rc8 22. Nd2 {[#] Black should prevent Nc4.} b6 (22... Ng6 $1 $17) 23. Nc4 $11 Rb8 24. Rd1 (24. f4 $14) 24... Ng6 $15 25. Qc2 Ne5 $1 26. b3 Bf6 27. Nxe5 Bxe5 28. Qc6 f6 29. Rc1 Bc3 30. f4 Rh7 {Strongly threatening ...Rc7.} 31. Kg2 Qc7 (31... Kg8 $15) 32. f5 (32. Rf1 $11 {keeps the balance.}) 32... Re7 (32... h5 {with more complications.} 33. Bf2 Kg8 34. Bd3 Rg7 35. Kh1 Kf8) 33. Qxc7 Rxc7 34. h3 h5 35. Rc2 Re7 36. Bd3 Rh7 37. Bf2 Re7 (37... Ke8 $17) 38. Bg1 {Accuracy: White = 54%, Black = 67%.} (38. Be3 $1 $11 {was the only way to keep the balance.}) 1/2-1/2

[Event "Open Desko Liberec 2020"]
[Site "Liberec"]
[Date "2020.07.25"]
[Round "9"]
[White "Bures, Jaroslav"]
[Black "Finek, Vaclav"]
[Result "1/2-1/2"]
[WhiteElo "2386"]
[BlackElo "2210"]
[Annotator "TA"]
[PlyCount "112"]
[EventDate "2020.??.??"]
[EventCountry "CZE"]
[SourceTitle "playchess.com"]
[Source "ChessBase"]
[SourceQuality "1"]

{[%evp 15,112,28,31,2,6,5,8,8,19,20,35,41,45,44,58,55,82,69,63,59,67,51,41,0,42,52,113,96,112,55,72,35,30,22,22,24,24,24,35,20,37,32,95,103,118,120,114,94,81,71,63,76,141,137,131,95,102,36,74,0,0,0,0,0,0,0,0,0,0,0,0,15,93,112,93,93,100,100,93,0,0,0,95,110,387,377,327,303,448,450,450,415,422,207,202,158,518,475,255]} 1. e4 e5 2. Nf3 Nf6 3. Nxe5 d6 4. Nf3 Nxe4 5. Nc3 Nxc3 6. dxc3 Be7 7. Be3 Nc6 8. Qd2 Be6 9. Ng5 {C42: Petroff Defence: 3 Nxe5 and unusual White 3rd moves.} Bxg5 10. Bxg5 Qd7 11. Be2 {The position is equal.} f6 12. Be3 Ne5 13. b3 O-O 14. h3 {[#]} a5 $146 ({Predecessor:} 14... Rae8 15. O-O-O a5 16. a4 Qf7 17. c4 b6 18. g4 Nd7 19. f4 f5 20. Bf3 Nc5 {½-½ (42) Samborski,H (2098)-Rogala,M (1788) Dzwirzyno 2019}) 15. a4 c6 16. c4 d5 17. f4 Nf7 {[%cal Be5f7,Bf7d8,Bd8e6][%mdl 32]} 18. c5 Bf5 19. Bd4 Rfe8 20. O-O-O Re7 (20... Be4 $14) 21. g4 $16 Be4 22. Rhe1 (22. Rhg1 $16) 22... Nd8 23. Bd3 Bxd3 $1 24. Rxe7 Qxe7 25. Qxd3 Ne6 26. Re1 {Threatens to win with f5.} Re8 27. Qd2 Qd8 28. Bf2 d4 {[#]} (28... Qb8 $14) 29. Bxd4 $1 {[%mdl 512]} Nxd4 (29... Qxd4 30. Qxd4) 30. Rxe8+ {[%mdl 64] Overworked Piece} Qxe8 31. Qxd4 {[%mdl 4096] Endgame KQ-KQ} h5 32. g5 fxg5 33. fxg5 Qe1+ ({Black should play} 33... Kf7) 34. Kb2 Qe6 35. h4 Qg4 36. Qf2 (36. Qd8+ $16 Kf7 37. Qc7+ (37. Qxa5 Qxh4 38. Qc7+ Kg6 $16) 37... Kg6 38. Qd6+ (38. Qxa5 Qxh4 39. Qc7 Qxg5 $11) (38. Qxb7 Qd4+ 39. Kc1 Qa1+ 40. Kd2 Qd4+ {[%mdl 64] Double Attack} 41. Kc1 Qg1+ 42. Kb2 Qd4+ 43. c3 Qf2+ 44. Kb1 Qg1+ 45. Kc2 Qf2+ 46. Kc1 Qxc5 $11) 38... Kf5 39. Qd7+ Kg6 40. Qd6+ (40. Qxb7 Qd4+ 41. c3 Qf2+ 42. Kb1 Qf5+ 43. Kc1 Qxc5 $11) 40... Kf5 41. Qf8+ Kg6 42. Qe8+ Kh7 43. Qe7) 36... Kh7 $1 $14 37. Kc1 (37. c3 $16) 37... Kg6 $11 38. Kd2 Qd7+ 39. Ke1 Qe7+ 40. Kd2 Qd7+ 41. Kc1 Qg4 42. Kb2 Qe4 43. c3 Qg4 {[#]} (43... Qe6 $11) 44. b4 $1 $16 axb4 45. Qc2+ Kf7 46. Qb3+ {[%mdl 64] Double Attack} Kg6 47. Qc2+ ({Much worse is} 47. cxb4 $6 Qxh4 48. Qd3+ Kf7 $11) 47... Kf7 48. Qb3+ {[%mdl 64] Double Attack} Kg6 49. Qxb4 Qe2+ $2 {[%mdl 8192]} (49... Kf5 $16 {is a better defense.}) 50. Ka3 $18 Qc2 51. Qc4 Qb1 (51... Qf5 $142 52. Qd4 Qc2) 52. Qe6+ Kh7 53. Qe2 Qc1+ 54. Kb3 (54. Kb4 $142) 54... Qb1+ 55. Kc4 {aiming for Qd3+.} g6 $2 (55... Kg6 $16 {is tougher.} 56. Qe8+ Kf5) 56. Qe8 Qa2+ {[%mdl 32768] Accuracy: White = 74%, Black = 65%. . An unexpected result.} 1/2-1/2

[Event "Open Desko Liberec 2020"]
[Site "Liberec"]
[Date "2020.07.25"]
[Round "9"]
[White "Liska, Jiri"]
[Black "Sykora, Marek"]
[Result "1/2-1/2"]
[WhiteElo "2273"]
[BlackElo "2147"]
[Annotator "ChessBase"]
[PlyCount "227"]
[EventDate "2020.??.??"]
[EventCountry "CZE"]
[SourceTitle "playchess.com"]
[Source "ChessBase"]
[SourceQuality "1"]
[TimeControl "40/5400+30:1800+30"]

1. e4 e5 2. Nf3 Nc6 3. d4 exd4 4. Nxd4 Bc5 5. Nb3 Bb6 6. Nc3 d6 7. Qe2 Be6 8. Be3 Qd7 9. O-O-O O-O-O 10. h3 f5 11. f4 Qf7 12. exf5 Bc4 13. Qd2 Bxf1 14. Rhxf1 Qxf5 15. g4 Qd7 16. f5 Re8 17. Bxb6 axb6 18. Nd4 Nf6 19. Ne6 h6 20. Nb5 Rxe6 21. fxe6 Qxe6 22. Kb1 Ne5 23. Qc3 Qc4 24. Qxc4 Nxc4 25. Rfe1 Ne5 26. b3 Rf8 27. Rf1 Re8 28. Rde1 Nd5 29. Nd4 g5 30. Nf5 Nf4 31. h4 Re6 32. Ng7 Rg6 33. hxg5 hxg5 34. Nh5 Nxg4 35. Nxf4 gxf4 36. Rxf4 Ne5 37. Rf8+ Kd7 38. Re2 b5 39. a3 Kc6 40. Kb2 Kb6 41. Rh8 Rg7 42. Rf2 Re7 43. Rg8 Nc6 44. Rg4 Rh7 45. Rfg2 Rh5 46. Rg5 Rh3 47. R2g3 Rh2 48. Rg7 Nd4 49. Rg2 Rh5 50. R7g5 Rh3 51. Rf2 Rh7 52. Rg3 Rh5 53. Kc3 Nc6 54. Rf4 Rc5+ 55. Kd2 Rd5+ 56. Rd3 Rh5 57. Kc3 Rc5+ 58. Kb2 Rg5 59. Rh4 Rf5 60. Rg3 Rf7 61. Rgh3 Rf2 62. Rg3 Rf7 63. Kc3 Ne5 64. Rgh3 Nc6 65. Rh7 Rf5 66. Rg7 Rc5+ 67. Kb2 Nd4 68. Rc3 Ne6 69. Rxc5 Nxc5 70. Kc3 c6 71. Rh7 Na6 72. Rd7 Nc5 73. Re7 Na6 74. Kd4 Nc7 75. Rd7 c5+ 76. Ke4 Kc6 77. Rh7 Ne6 78. Rh2 b6 79. Rd2 Nc7 80. Kf5 Nd5 81. Ke6 Nf4+ 82. Ke7 Nd5+ 83. Kd8 Nc3 84. Ke7 Nd5+ 85. Kf7 Nc7 86. Rh2 Nd5 87. Ke8 Ne3 88. Ke7 Nd5+ 89. Kd8 Nc3 90. Rh1 Nd5 91. Kc8 Nc3 92. Kb8 Nd5 93. Ka7 Ne3 94. Rh2 Nf5 95. Ka6 Nd4 96. Rf2 Ne6 97. Rf7 Nd4 98. Rf2 Ne6 99. c3 Nc7+ 100. Ka7 Nd5 101. Rf3 Nc7 102. Rh3 Nd5 103. c4 bxc4 104. bxc4 Nf6 105. a4 Nd7 106. Rh4 Ne5 107. Kb8 Nd7+ 108. Kc8 Ne5 109. Rf4 Nxc4 110. Rxc4 b5 111. axb5+ Kxb5 112. Rc1 c4 113. Kd7 Kc5 114. Ke6 1/2-1/2

[Event "Open Desko Liberec 2020"]
[Site "Liberec"]
[Date "2020.07.25"]
[Round "9"]
[White "Kucera, Petr"]
[Black "Sernecki, Franciszek"]
[Result "1/2-1/2"]
[WhiteElo "2240"]
[BlackElo "2243"]
[Annotator "TA"]
[PlyCount "28"]
[EventDate "2020.??.??"]
[EventCountry "CZE"]
[SourceTitle "playchess.com"]
[Source "ChessBase"]
[SourceQuality "1"]

{[%evp 9,15,-2,0,-12,0,-7,-8,-31]} 1. d4 Nf6 2. Bf4 c5 3. e3 d5 4. c3 Nc6 5. Nd2 Bf5 {The position is equal.} 6. Qb3 {D00: 1 d4 d5: Unusual lines.} Qc8 7. dxc5 e6 8. Bd6 {[#] A rather calm draw.} {Predecessor:} Bxd6 $146 9. cxd6 O-O 10. Ngf3 Rd8 11. Qa3 Qb8 12. Nd4 Nxd4 13. cxd4 Rxd6 14. Rc1 Rd7 {½-½ (71) Bogosavljevic,B (2470)-Pikula,D (2513) Vrsac 2007} 1/2-1/2

[Event "Open Desko Liberec 2020"]
[Site "Liberec"]
[Date "2020.07.25"]
[Round "9"]
[White "Vitak, Jiri"]
[Black "Kaderabek, Jiri"]
[Result "1/2-1/2"]
[WhiteElo "2222"]
[BlackElo "2121"]
[Annotator "ChessBase"]
[PlyCount "184"]
[EventDate "2020.??.??"]
[EventCountry "CZE"]
[SourceTitle "playchess.com"]
[Source "ChessBase"]
[SourceQuality "1"]
[TimeControl "40/5400+30:1800+30"]

1. d4 Nf6 2. c4 c5 3. Nf3 cxd4 4. Nxd4 e5 5. Nb5 d5 6. cxd5 Bc5 7. N5c3 Bf5 8. g3 O-O 9. Bg2 e4 10. O-O Nbd7 11. Bg5 h6 12. Bxf6 Nxf6 13. e3 a6 14. Nd2 Re8 15. a3 Rc8 16. Rc1 Ba7 17. Qb3 Qd7 18. Rfe1 Rc5 19. Rc2 Rec8 20. Rec1 Re8 21. Qa2 Nxd5 22. Nxd5 Rxd5 23. Rc7 Qd8 24. Nf1 Be6 25. Qb1 f5 26. b4 Re7 27. Qc2 Bb8 28. Rxe7 Qxe7 29. g4 g6 30. gxf5 gxf5 31. Rd1 Qd7 32. Rxd5 Qxd5 33. Ng3 Be5 34. Bh3 Bd6 35. Qa4 Kf7 36. Bf1 Qe5 37. Qd1 f4 38. exf4 Qxf4 39. Qh5+ Kg7 40. Qe2 Kf8 41. Qxe4 Qxe4 42. Nxe4 Be7 43. f4 Kf7 44. Kf2 a5 45. bxa5 Bxa3 46. a6 bxa6 47. Bxa6 Bd5 48. Nc3 Bc6 49. Bc4+ Kg7 50. Kg3 Bb4 51. Ne2 Be4 52. Kg4 Kf6 53. Ng3 Bg6 54. Bd5 Be1 55. Kf3 Bf5 56. Be4 Bc8 57. Nf1 Bd7 58. Ne3 Be6 59. Bd5 Bd7 60. Ke4 Bf2 61. Kf3 Bg1 62. h4 Bc8 63. Bc6 Be6 64. Bb7 Ke7 65. Ke4 Kf6 66. Kf3 Ke7 67. Bc6 Kf6 68. Nf1 Bb3 69. Nd2 Bc2 70. Be4 Bd1+ 71. Kg3 Bd4 72. Bd3 Kf7 73. Ne4 Bb6 74. Nd6+ Kf6 75. Nf5 h5 76. Nd6 Ba5 77. Ne4+ Kg7 78. Kg2 Bg4 79. Nf2 Bd7 80. Be2 Kh6 81. Nh1 Be1 82. Ng3 Be8 83. Nf5+ Kg6 84. Bd3 Kf6 85. Ng3 Bc6+ 86. Kh2 Bf3 87. Bb5 Bd2 88. Be2 Bxe2 89. Nxe2 Kf5 90. Kg3 Be1+ 91. Kh3 Ke4 92. Ng3+ Kxf4 1/2-1/2

[Event "Open Desko Liberec 2020"]
[Site "Liberec"]
[Date "2020.07.25"]
[Round "9"]
[White "Belaska, Premysl"]
[Black "Harbuz, Trayan"]
[Result "1-0"]
[WhiteElo "2212"]
[BlackElo "2109"]
[Annotator "TA"]
[PlyCount "101"]
[EventDate "2020.??.??"]
[EventCountry "CZE"]
[SourceTitle "playchess.com"]
[Source "ChessBase"]
[SourceQuality "1"]

{[%evp 11,101,18,39,-8,-3,-14,9,0,10,0,40,32,62,40,63,34,29,20,102,0,0,0,0,0,0,0,0,-13,0,-13,0,0,0,0,0,0,0,0,0,0,0,0,0,0,0,0,0,0,0,0,0,0,151,169,295,294,474,448,439,371,368,292,270,273,273,39,489,422,433,416,385,407,606,600,573,573,711,566,498,495,475,459,460,447,1379,1340,2525,2559,29985,29986,29990,29988]} 1. e4 e5 2. Nf3 Nc6 3. d4 exd4 4. Nxd4 Qf6 5. Be3 Bc5 6. c3 Bb6 7. Be2 {C45: Scotch Game.} Nge7 8. Nc2 d6 (8... Qg6 {with more complications.} 9. O-O Qxe4 10. Bxb6 axb6 11. Re1 d6) 9. Nba3 {The position is equal.} Bxe3 10. Nxe3 a6 11. O-O {[#]} Qg6 $146 ({Predecessor:} 11... g5 12. Nac4 Be6 13. Nd5 Bxd5 14. exd5 Ne5 15. Nxe5 dxe5 16. Qb3 O-O-O 17. Rfd1 e4 {1-0 (47) Campora,D (2505)-De Vreugt,D (2504) Santo Domingo 2003}) 12. Bd3 Ne5 13. f4 Nxd3 14. Qxd3 f5 (14... Bd7 $11) 15. exf5 ({White should play} 15. Rae1 $16 {aiming for Nd5.} fxe4 16. Qc4) 15... Bxf5 $11 16. Nxf5 Qxf5 17. Qe2 Kd7 18. Nc2 Nc6 19. Rae1 Rae8 20. Ne3 Qf7 21. Qg4+ Kd8 $1 22. b3 Qd7 23. Qg5+ Kc8 24. Nd5 Kb8 25. h3 Rhf8 26. Qh5 g6 27. Qg4 Qf7 28. c4 Nd4 29. Qd1 Nf5 30. g4 c6 {White must now prevent ...Rxe1.} 31. Nc3 Rxe1 $2 ({Black should try} 31... Qg7 $11 32. Qd2 Nd4) 32. Rxe1 $16 Nh4 (32... d5 $142) 33. Qxd6+ $18 Ka8 $2 (33... Ka7) 34. Re7 Qg8 35. Qd7 {[%csl Ge7][%cal Rd7b7]} Rb8 36. Ne4 Qh8 {[#]} 37. Kf2 $1 ({Weaker is} 37. Rxh7 Qa1+ 38. Kf2 Qh1 $16) 37... Qa1 38. Kg3 $2 (38. Qd2 $18) 38... Qe1+ $2 {[%mdl 8192] Loses the game.} ({Better is} 38... g5 $1 $14 39. Nxg5 Ng6) 39. Nf2 Qg1+ 40. Kxh4 Qxf2+ {[%mdl 4096] Endgame KQR-KQR} 41. Kg5 h6+ (41... Qxa2 $142 42. Rxh7 Qxb3 43. Kxg6 a5) 42. Kxh6 Qxf4+ 43. Kxg6 Qf8 44. g5 Qh8 45. Rg7 Qh4 46. Qe6 Qh8 47. h4 Qf8 (47... Qxh4 $142 48. Rg8 Rxg8+ 49. Qxg8+ Ka7) 48. h5 Rd8 49. Qe7 {[%csl Gg7][%cal Re7b7]} Rd6+ {[#]} 50. Kh7 $1 {[%csl Gg7][%cal Re7b7]} Qf5+ {[#]} 51. Kh8 $1 {Accuracy: White = 81%, Black = 53%.} 1-0

[Event "Open Desko Liberec 2020"]
[Site "Liberec"]
[Date "2020.07.25"]
[Round "9"]
[White "Karlik, Vladimir"]
[Black "Sykora, Ondrej"]
[Result "1-0"]
[WhiteElo "2137"]
[BlackElo "2065"]
[Annotator "TA"]
[PlyCount "69"]
[EventDate "2020.??.??"]
[EventCountry "CZE"]
[SourceTitle "playchess.com"]
[Source "ChessBase"]
[SourceQuality "1"]

{[%evp 18,69,40,24,19,22,52,72,91,97,115,101,114,104,156,101,151,143,106,97,99,101,102,77,80,64,66,71,98,86,100,93,161,100,90,71,106,71,151,144,283,289,281,246,410,402,396,381,372,338,761,720,779,758]} 1. Nf3 d6 2. d4 Bg4 3. c4 c6 4. Nc3 Nd7 5. g3 e5 6. Bg2 Be7 7. Be3 Ngf6 8. Qc2 Qc7 9. O-O O-O 10. Rfd1 Bh5 {A22: English Opening: 1...e5 2 Nc3 Nf6.} 11. Nh4 Rfe8 12. h3 {[#]} Bf8 $146 {White is better.} ({Predecessor:} 12... Nb6 13. b3 Nfd7 14. Nf5 Bf8 15. Rac1 Bg6 16. g4 h5 17. f3 Rac8 18. Qd2 Bxf5 19. gxf5 {1-0 (58) Kohlweyer,B (2450)-Wuts,F (2304) Le Touquet 2002}) 13. g4 Bg6 14. Nxg6 hxg6 {[#]} 15. d5 $1 Rec8 (15... cxd5 $142 16. Nxd5 (16. Bxd5 Nxd5 17. Nxd5 Qc6 $14) 16... Nxd5 17. Bxd5 (17. Rxd5 b6 $16) 17... Nf6) 16. Qd2 ({White should play} 16. g5) 16... Ne8 17. dxc6 bxc6 18. Qc2 Rab8 19. Rac1 Be7 20. g5 Nf8 21. h4 Qd7 22. b3 Rc7 23. Kh2 $36 {[%mdl 2048] Keeping Black busy.} f6 24. Bh3 Qd8 {[#]} (24... f5 $16) 25. Qd2 ({Better is} 25. h5 $1 $18) 25... f5 {White should prevent ...f4.} 26. f4 Qc8 27. Ne4 Qa6 (27... Rcb7 $142) 28. Ng3 $16 exf4 (28... d5 $16) 29. Bxf4 $18 Qb6 30. e3 Qc5 $2 (30... Rcb7 31. e4 fxe4) 31. e4 fxe4 32. Nxe4 Qa3 33. c5 Rd8 $2 (33... d5 34. Re1 dxe4) 34. cxd6 Nxd6 35. Nxd6 {Accuracy: White = 76%, Black = 42%.} 1-0